| 000 | 00600nam a22002292i 4500 | ||
|---|---|---|---|
| 999 |
_c7214 _d7214 |
||
| 001 | 7214 | ||
| 003 | BD - Jhcc | ||
| 005 | 20180418170134.0 | ||
| 008 | 860101s1957 xxk 000 0 eng d | ||
| 035 | _a(BD - Jhcc)7214 | ||
| 040 |
_aUKM _cUKM _dEQO _dBD - Jhcc |
||
| 041 | _aeng | ||
| 082 |
_a823.91 _218 _bJAC 1957 |
||
| 100 | 1 | _aJackson, Hoole. | |
| 245 | 1 | 4 |
_aThe sign of the glove / _cHoole Jackson illustrated by Will Nickles |
| 260 |
_aBlackie, _c1957 |
||
| 300 |
_a206 p. : _bill. ; _c19 cm |
||
| 490 | 1 | _aSceptre library | |
| 830 | 0 | _aSceptre library | |
| 942 |
_2ddc _cBK |
||